Normal view MARC view
  • Ohnuki-Tierney, Emiko

Entry Personal Name

Number of records used in: 0

001 - CONTROL NUMBER

  • control field: 215106

003 - CONTROL NUMBER IDENTIFIER

  • control field: KE-NaSUL

005 - DATE AND TIME OF LATEST TRANSACTION

  • control field: 20250826105958.0

008 - FIXED-LENGTH DATA ELEMENTS

  • fixed length control field: 250826|| aca||aabn | a|a d

040 ## - CATALOGING SOURCE

  • Original cataloging agency: KE-NaSUL
  • Transcribing agency: KE-NaSUL

100 ## - HEADING--PERSONAL NAME

  • Personal name: Ohnuki-Tierney, Emiko

670 ## - SOURCE DATA FOUND

  • Source citation: Work cat.: (KE-NaSUL)204241: Ohnuki-Tierney, Emiko., Rice as self, c1993.

© Strathmore University Library
Madaraka Estate, Ole Sangale Road | P. O. Box 59857 - 00200 City Square, Nairobi, Kenya
(+254) (0)703 034 000/200/300 | (+254) (0)20-607498